000 00333nam a22001457a 4500
008 211018b ||||| |||| 00| 0 eng d
020 _a9781133956396
041 _aeng
080 _a159.9
082 _a159.9
100 _a48
101 _aPSI
245 _aSocial Psychology and Human Nature
_cBaumeister,R.F
942 _2udc
_cBK
999 _c58251
_d58251